000
00288nam a22001337a 4500
003
SGT
020
_a
9781482234909
082
_b
OKU
100
_a
OKUDA, MARK M.
245
_a
A HANDS ON INTRODUCTION TO FORENSIC SCIENCE
260
_b
CRC PRESS
_c
2015
300
_a
493
942
_2
ddc
_c
BK
999
_c
15794
_d
15794